| 000 | 00887nas a2200301 4500 | ||
|---|---|---|---|
| 001 | BR0502301 | ||
| 003 | BR-BrBNA | ||
| 005 | 20231205105324.0 | ||
| 007 | ta | ||
| 008 | 230509b bl.|||p| |||| 00| 00por d | ||
| 040 |
_aBR-BrBNA _bpor _cBiblioteca Nacional de Agricultura |
||
| 041 | _a(Pt) | ||
| 072 | _aQ02; J11 | ||
| 100 | 1 | _aXisto, A.L.R.P. | |
| 100 | 1 | _aAbreu, C.M.P. de | |
| 100 | 1 | _aCorrêa, A.D. | |
| 100 | 1 | _aSantos, C.D. dos | |
| 245 | 1 | _aTextura de goiabas "Pedro Sato" submetidas à aplicação de cloreto de cálcio | |
| 650 | _aGOIABA | ||
| 650 | _aCLORETO DE CÁLCIO | ||
| 650 | _aARMAZENAMENTO | ||
| 650 | _aAMACIAMENTO | ||
| 650 | _aTEXTURA | ||
| 650 | _aQUALIDADE | ||
| 773 | 0 |
_tCiência e Agrotecnologia (Brazil) _xISSN 1413-7054 _g(Jan-Feb 2004), v. 28(1) p. 113-118 _wBR0502301 |
|
| 909 |
_a202311 _bLúcia _c55 _dLúcia Elande |
||
| 942 |
_2AGRIS _n0 _cANA |
||
| 999 |
_c182345 _d182345 |
||